Big nate makes the grade / (Record no. 7017)
[ view plain ]
| 000 -LEADER | |
|---|---|
| fixed length control field | 01084nam a22002417a 4500 |
| 001 - CONTROL NUMBER | |
| control field | 7017 |
| 003 - CONTROL NUMBER IDENTIFIER | |
| control field | FISKH |
| 005 - DATE AND TIME OF LATEST TRANSACTION | |
| control field | 20250828103141.0 |
| 008 - FIXED-LENGTH DATA ELEMENTS--GENERAL INFORMATION | |
| fixed length control field | 250617b cb ||||| |||| 00| 0 eng d |
| 020 ## - INTERNATIONAL STANDARD BOOK NUMBER | |
| International Standard Book Number | 9780545528849 |
| 040 ## - CATALOGING SOURCE | |
| Original cataloging agency | FISKH |
| Language of cataloging | eng |
| Transcribing agency | FISKH |
| Modifying agency | FISKH |
| 050 ## - LIBRARY OF CONGRESS CALL NUMBER | |
| Classification number | PZ7.P425 B |
| 082 ## - DEWEY DECIMAL CLASSIFICATION NUMBER | |
| Classification number | 741.5 |
| 100 ## - MAIN ENTRY--PERSONAL NAME | |
| Personal name | Peirce, Lincoln |
| 245 ## - TITLE STATEMENT | |
| Title | Big nate makes the grade / |
| Statement of responsibility, etc. | by Lincoln Peirce |
| 250 ## - EDITION STATEMENT | |
| Edition statement | First Scholastic printing, November 2012 |
| 260 ## - PUBLICATION, DISTRIBUTION, ETC. | |
| Place of publication, distribution, etc. | New York : |
| Name of publisher, distributor, etc. | Scholastic , |
| Date of publication, distribution, etc. | 2012. |
| 300 ## - PHYSICAL DESCRIPTION | |
| Extent | 224 pages : |
| Other physical details | illustrations ; |
| Dimensions | 23 cm . |
| 490 ## - SERIES STATEMENT | |
| Series statement | BIg nate |
| Volume/sequential designation | Comics 8 |
| 520 ## - SUMMARY, ETC. | |
| Summary, etc. | Comic and Graphic Books. Juvenile Fiction. Humor (Fiction.) HTML:Nate Wright is known to his pals and teachers for many things, his penchant for mischief and his school record for detentions being the foremost. But beating out brainiac Gina's grades is not one of those things! In Big Nate Makes the Grade, the school life goings-on of Nate, his pals, and his long-suffering teachers are recounted in hilarious detail. Now in full-color! |
| 942 ## - ADDED ENTRY ELEMENTS (KOHA) | |
| Source of classification or shelving scheme | Dewey Decimal Classification |
| Koha item type | Books |
| Suppress in OPAC | No |
| Withdrawn status | Lost status | Source of classification or shelving scheme | Damaged status | Not for loan | Collection | Home library | Current library | Shelving location | Date acquired | Total Checkouts | Full call number | Barcode | Date last seen | Copy number | Price effective from | Koha item type |
|---|---|---|---|---|---|---|---|---|---|---|---|---|---|---|---|---|
| Dewey Decimal Classification | Fiction | Footprints International School Library Network Toul Kork Campus | Footprints International School Library Network Toul Kork Campus | A TK Campus, Comic Books (All Reading Levels), B401 Bookcase 1/2, Shelf 3 | 08/28/2025 | PEI 741.5 PZ7.P425 B | FISTK00148 | 12/16/2025 | 2 | 08/28/2025 | Books | |||||
| Dewey Decimal Classification | Fiction | Footprints International School Library Network Toul Tom Poung Campus | Footprints International School Library Network Toul Tom Poung Campus | TTP Comic Books all Levels | 06/17/2025 | PEI 741.5 PZ7.P425 B | FIS00662 | 06/17/2025 | 1 | 06/17/2025 | Books |
